000 00957nam a22001577a 4500
003 OSt
008 190517b ||||| |||| 00| 0 eng d
020 _a9789387973640
082 _a631.3
_bBAS/TE
100 _aBasavaraj
_aSrigiri ,D
_aJayan ,P R
_95080
245 _aText book of Farm machinery & Power Engineering
260 _aNew Delhi
_bNew India publishing Agency
_c2019
300 _a134 p.
505 _a1. Introduction of Farm Power Machinery and Energy 2. Materials of Construction 3. Tillage Methods 4. Sowing and Planting 5. Plant Protection: Spraying and Dusting 6. Harvesting and Threshing 7. Theory of Machine and Machine Design 8.Tractor and Its Control System 9. Erogonomics in Agriculture 10. Energy in Agriculture 11.Workshop Practice and Technology 12. Instrumentation and Measurement System 13. Testing and Evaluation in Farm Machinery and Power 14. Formulae 15.Important Expansions
942 _cBK
999 _c15585
_d15585